Cấu tạo kiến trúc và chọn hình kết cấu

Đã lưu trong:
Bibliografiske detaljer
Hovedforfatter: Nguyễn Đức Thiềm
Format: Bog
Sprog:Vietnamese
Udgivet: Xây dựng 2006
Fag:
Tags: Tilføj Tag
Ingen Tags, Vær først til at tagge denne postø!
Thư viện lưu trữ: Mạng thư viện Đại học Đà Nẵng
LEADER 00986nam a2200313 a 4500
001 000003535
003 03946
005 20171229145311.0
008 171229s2006 vie
040 |a LSK 
041 0 |a VIE 
082 0 |a 720.711  |b NG-T 
100 1 |a Nguyễn Đức Thiềm 
245 0 0 |a Cấu tạo kiến trúc và chọn hình kết cấu 
260 |b Xây dựng  |c 2006 
300 |a 411 pages  |c 27 cm. 
653 |a Kiến trúc 
852 |a Phòng Đọc - Phòng Mượn 
901 |a 9 
927 |a Sách tham khảo 
OWN |a LSK 
AVA |a UDN50  |b LSK  |d 720.711 NG-T  |e available  |t Error 5001 Not defined in file expand_doc_bib_avail.  |f 9  |g 0  |h N  |i 0  |k 1 
999 |a From the UDN01 
AVA |a UDN50  |b LSK  |d 720.711 NG-T  |e available  |t Error 5001 Not defined in file expand_doc_bib_avail.  |f 9  |g 0  |h N  |i 0  |k 1 
TYP |a Monograph 
TYP |a Printed language 
980 |a Mạng thư viện Đại học Đà Nẵng